Loreto College Library, Kolkata
WEBOPAC (ONLINE PUBLIC ACCESS CATALOGUE)

From Jane Austen to Joseph Conrad (Record no. 4636)

MARC details
000 -LEADER
fixed length control field 00572nam a2200169Ia 4500
008 - FIXED-LENGTH DATA ELEMENTS--GENERAL INFORMATION
fixed length control field 131103s9999 xx 000 0 und d
040 ## - CATALOGING SOURCE
Original cataloging agency Loreto College
041 ## - LANGUAGE CODE
Language code English
082 ## - DDC | ডিউই
Classification number | বর্গসংখ্যা 823.09/RAT
Book Number | গ্রন্থাঙ্ক LCLIB/15665
245 ## - TITLE STATEMENT | অাখ্যা বিবরণী
Title | অাখ্যা From Jane Austen to Joseph Conrad
Sub title | উপঅাখ্যা essays collected in memory of James T.Hillhouse
Statement of responsibility | লেখকের দায়িত্বের বিবরণ edited by Robert C.Rathburn and Martin Steinmann
260 ## - IMPRINT | প্রকাশনা ক্ষেত্র
Place of publication | প্রকাশ স্থান Minneapolis
Name of publisher | প্রকাশকের নাম University Of Minnesota Press
Date of publication | প্রকাশ কাল 1967
300 ## - PHYSICAL DESCRIPTION |
Page / Vol. No | পৃষ্ঠা / খন্ড সংখ্যা xi,326 p.
504 ## - BIBLIOGRAPHY, ETC. NOTE
Bibliography, etc Includes index
700 ## - ADDED ENTRY--PERSONAL NAME | অতিরিক্ত সংলেখ - ব্
Personal name | ব্যাক্তিনাম Rathburn,Robert C.
850 ## - HOLDING INSTITUTION
Holding institution LCLIB/823.09/RAT
942 ## - ADDED ENTRY ELEMENTS (KOHA)
Koha item type Books
Holdings
Withdrawn status Lost status Damaged status Not for loan Home library Current library Date acquired Total Checkouts Full call number Accession No. Date last seen Price effective from Koha item type
        Loreto College Loreto College 04/11/2013   823.09/RAT LCLIB/15665 B4504 04/11/2013 04/11/2013 Books